01013cam a22002531 4500001001300000003000400013005001700017008004100034010001700075035001900092040004100111042001200152050001700164100002200181245003300203260003600236300007400272490012900346504003000475650002500505650002700530810018500557999001700742gs 66000059 DLC20260227111418.0780720s1965 fr bf b 000 0 fre c ags 66000059  a(OCoLC)4069546 aU. S. Geol. Survey. Libr.cOAkUdDLC apremarc00aQE226.M4bG71 aGrunevald, Henri.10aGéologie de la Martinique. aParis,bImpr. nationale,c1965. a144 p.billus., maps (part fold., 1 col. in pocket) 4 plates.c32 cm.1 aMémoires pour servir à l'explication de la carte géologique détaillée de la France: Département de la Martinique aBibliography: p. 133-135. 0aGeologyzMartinique. 0aPetrologyzMartinique.1 aFrance.bService de la carte géologique de la France.tMémoires pour servir à l'explication de la carte géologique detaillée de la France: Département de la Martinique. c30183d30183